Fr. Conceicao Rodrigues College of Engineering

Embedded systems:Architecture (Record no. 30264)

MARC details
000 -LEADER
fixed length control field 00354nam a2200157Ia 4500
082 ## - DEWEY DECIMAL CLASSIFICATION NUMBER
Classification number 003.3/RAJ
Item number RAJ
100 ## - MAIN ENTRY--PERSONAL NAME
Personal name Rajkamal
245 ## - TITLE STATEMENT
Title Embedded systems:Architecture
260 ## - PUBLICATION, DISTRIBUTION, ETC.
Name of publisher, distributor, etc. Tata Mc Graw hill Ltd.
Place of publication, distribution, etc. New Delhi
Date of publication, distribution, etc. 2003
366 ## - TRADE AVAILABILITY INFORMATION
Publishers's discount category 20
300 ## - PHYSICAL DESCRIPTION
Extent 633
546 ## - LANGUAGE NOTE
Language note ENGLISH
650 ## - SUBJECT ADDED ENTRY--TOPICAL TERM
Topical term or geographic name entry element Embedded systems
654 ## - SUBJECT ADDED ENTRY--FACETED TOPICAL TERMS
Focus term embedded
942 ## - ADDED ENTRY ELEMENTS (KOHA)
Koha item type BOOK
Holdings
Withdrawn status Lost status Damaged status Not for loan Collection Home library Current library Date acquired Source of acquisition Cost, normal purchase price Inventory number Total Checkouts Total Renewals Full call number Barcode Date last seen Date last checked out Cost, replacement price Price effective from Koha item type
        CRC Fr. Agnel's C.Rodrigues College of Engineering AGNEL TECHNICAL COLLEGE LIBRARY 17/03/2023 Professional Book House. 279.00 341 dt 05/01/2008 1 1 003.3/RAJ RAJ 18190 19/03/2025 20/01/2025 299.00   BOOK
        CRC Fr. Agnel's C.Rodrigues College of Engineering Fr. Agnel's C.Rodrigues College of Engineering 17/03/2023 Professional Book House. 279.00 341 dt 05/01/2008 1 1 003.3/RAJ RAJ 18189 24/02/2025 21/01/2025 299.00   BOOK